| 000 | 00931nas a2200313 4500 | ||
|---|---|---|---|
| 001 | BR2016003593 | ||
| 003 | BR-BrBNA | ||
| 005 | 20231205130538.0 | ||
| 007 | ta | ||
| 008 | 230509b bl.|||p| |||| 00| 00por d | ||
| 040 |
_aBR-BrBNA _bpor _cBiblioteca Nacional de Agricultura |
||
| 041 | _a(En) | ||
| 072 | _aF04 | ||
| 100 | 1 | _aSilva, R.F. da | |
| 100 | 1 | _aBertollo, G.M. | |
| 100 | 1 | _aAntoniolli, Z.I. | |
| 100 | 1 | _aCorassa, G.M. | |
| 100 | 1 | _aKuss, C.C. | |
| 245 | 1 | _aPopulation fluctuation in soil meso-and macrofauna by the successive application of pig slurry | |
| 650 | _aDEJETO | ||
| 650 | _aSUÍNO | ||
| 650 | _aFAUNA EDÁFICA | ||
| 650 | _aPLANTIO DIRETO | ||
| 650 | _aADUBAÇÃO | ||
| 650 | _aADUBO ORGÂNICO | ||
| 773 | 0 |
_tRevista Ciência Agronômica (Brazil) _xISSN 0045-6888 _g(Apr-Jun 2016), v. 47(2) p. 221-228 _wBR2016003593 |
|
| 909 |
_a202311 _bLúcia _c55 _dLúcia Elande |
||
| 942 |
_2AGRIS _n0 _cANA |
||
| 999 |
_c250044 _d250044 |
||